000 00631nam a2200205 i 4500
001 bg
245 0 0 _aOchrona środowiska 2005
_h[Dokument elektroniczny] /
_cGłówny Urząd Statystyczny.
260 _aWarszawa :
_bZakład Wydawnictw Statystycznych,
_c2005.
300 _a1 dysk optyczny (CD ROM).
490 1 _x1643-0905
650 9 _aOchrona środowiska
_zPolska
_ystan na 2004 r.
655 _aDokumenty elektroniczne
710 0 _aGłówny Urząd Statystyczny
830 _x1643-0905
040 _cBPK
041 0 _apol
080 _a504:311.3(438)(083.41)
942 _cCD
008 s pl f |000 0 pol
999 _c24054
_d24054
856 _uhttp://koha.tu.koszalin.pl/cgi-bin/koha/opac-detail.pl?biblionumber=24054
_yKatalog online BPK